00536nam a2200181 a 45000010010000000030011000100080041000210350026000620820014000881000019001022450042001212600041001636500013002049420012002179520090002299980020003199990015003390000-8558ELIB.Books110520 1977  a(ELIB.Books)0000-8704 a280 bJam aJames, William aThe Varieties of Religious Experience bGlasgow: William Collins Sons c1977 aReligion 2ddccBK 00102ddc4070aKBTSbKBTSd2011-05-20l0p7182r2022-01-22 00:00:00w2022-01-22yBK cbate2011-05-20 c8558d8558